Los laicos después del Concilio /

Conjunto de artículos que reflexionan sobre la necesidad que se fraguó durante el II Concilio Vaticano de que los laicos o seglares, y no sólo los sacerdotes, se dedicaran a la evangelización y predicación de la fe cristiana.

Gardado en:
Detalles Bibliográficos
Outros autores: Antón, Angel (autor) (autor), Rossi, Giovanni (presentación) (presentación)
Formato: Libro
Idioma:Lingua castelá
Publicado: México : Ediciones Paulinas, 1968, c1968
Series:(Rutas Conciliares ; 2)
Temas:
Etiquetas: Engadir etiqueta
Sen Etiquetas, Sexa o primeiro en etiquetar este rexistro!

MARC

LEADER 00000nam^a2200000^a^4500
001 000363109
005 20250521000000.0
009 20260310115538.477
025 |a Donación Ignacio González Luna, 1 ejemplar 
037 |a Acervo ITESO - Biblioteca 
041 |a ESP 
082 |a 282. 11821  |b LAI 
245 0 4 |a Los laicos después del Concilio /  |c A. Antón... [et al.] ; presen. de G. Rossi ; tr. por Jesús Sánchez Díaz. 
264 4 |a México :  |b Ediciones Paulinas,  |c 1968, c1968 
300 |a 346 p. 
336 |a texto  |b txt  |2 rdacontenido 
337 |a sin mediación  |b n  |2 rdamedio 
338 |a volumen  |b nc  |2 rdasoporte 
440 1 |a (Rutas Conciliares ;  |v 2) 
500 |a Traducción de: Laici suelle vie del concilio 
520 |a Conjunto de artículos que reflexionan sobre la necesidad que se fraguó durante el II Concilio Vaticano de que los laicos o seglares, y no sólo los sacerdotes, se dedicaran a la evangelización y predicación de la fe cristiana. 
561 |a Ex libris de Ignacio González Luna 
649 |a XX 
650 |a Laicos -  |x Tema Principal 
650 |a Iglesia Católica -  |x Autoridad 
650 |a Iglesia y Medios de Comunicación 
650 |a Iglesia y Trabajo 
650 |a Iglesia y Problemas Sociales 
650 |a Concilio Vaticano, 1962-1965 -  |x Tema Principal 
650 |a Concilios y Sínodos 
650 |a Familia 
650 |a Matrimonio 
650 |a Caridad 
650 |a Liturgia Cristiana 
650 |a Salvación 
650 |a Predicación -  |x Tema Principal 
650 |a Evangelización 
650 |a Ateísmo 
650 |a Diálogo Interreligioso 
650 |a Libertad Religiosa 
650 |a Libertad 
650 |a Guerra y Paz 
650 |a Justicia e Injusticia 
650 |a Catolicismo 
650 |a Cristianismo y Sociedad 
650 |a Cristianismo 
650 |a Religión 
700 |a Antón, Angel  |e (autor) 
700 |a Rossi, Giovanni  |e (presentación) 
910 |a Fondo Ignacio González Luna Morfín 
920 |a Impresos - Libros 
930 |a Fondos Especiales 
905 |a 136 
901 |a 0500256598  |b IT2  |c ESP  |i D74208  |u 20250521 
902 |a https://opac.biblio.iteso.mx/vufind/Record/000363109